[Event "Titled Tuesday intern op 09th Apr Early"]
[Site "Chess.com INT"]
[Date "2024.04.09"]
[Round "4"]
[White "Zheenbekov, Nurgazi"]
[Black "Obolenskikh, Dmitry Aleksandrovi"]
[Result "1-0"]
[WhiteElo "2093"]
[BlackElo "2537"]
[PlyCount "75"]
[EventDate "2024.04.09"]
[EventType "swiss (blitz)"]
[EventRounds "11"]
[EventCountry "USA"]
[SourceTitle "EXT 2025"]
[Source "ChessBase"]
[SourceDate "2024.10.14"]
[SourceVersion "1"]
[SourceVersionDate "2024.10.14"]
[SourceQuality "1"]

1. e4 c6 2. d4 d5 3. exd5 cxd5 4. Bd3 Nc6 5. c3 Nf6 6. h3 g6 7. Nf3 Bf5 8. Be2 e6 9. 0-0 h5 10. Bg5 Be7 11. Nbd2 Ne4 12. Bxe7 Qxe7 13. Nxe4 Bxe4 14. Nd2 Bf5 15. Re1 Qg5 16. Kh1 Qf4 17. Nf3 Be4 18. Qd2 Qf5 19. Ng5 Qxf2 20. Nxe4 dxe4 21. Rf1 Qg3 22. Bb5 0-0 23. Rae1 f5 24. Qh6 Ne7 25. Bc4 Rf6 26. Rxe4 Qd6 27. Re5 Raf8 28. Rfe1 Nd5 29. Bxd5 exd5 30. Re7 R8f7 31. Re8+ Rf8 32. R8e7 R8f7 33. Rxf7 Kxf7 34. Qh7+ Kf8 35. Qh8+ Kf7 36. Qe8+ Kg7 37. Re7+ Kh6 38. h4 1-0

[Event "Titled Tuesday intern op 03rd May Early"]
[Site "Chess.com INT"]
[Date "2022.05.03"]
[Round "4"]
[White "Obolenskikh, Dmitry Aleksandrovi"]
[Black "Mikhailovsky, Vladimir"]
[Result "0-1"]
[WhiteElo "2531"]
[BlackElo "2184"]
[PlyCount "128"]
[EventDate "2022.05.03"]
[EventType "swiss (blitz)"]
[EventRounds "11"]
[EventCountry "USA"]
[SourceTitle "CBM 208 Extra"]
[Source "ChessBase"]
[SourceDate "2022.07.31"]
[SourceVersion "1"]
[SourceVersionDate "2022.07.31"]
[SourceQuality "1"]

1. Nf3 d5 2. e3 Nf6 3. c4 e6 4. b3 b6 5. Bb2 Bb7 6. Nc3 Nbd7 7. Rc1 Bd6 8. cxd5 exd5 9. Nb5 0-0 10. Nxd6 cxd6 11. d4 Ne4 12. Bd3 f5 13. 0-0 Ndf6 14. Qe2 Qe7 15. Nh4 g6 16. g3 Rac8 17. a4 Rxc1 18. Rxc1 Rc8 19. Rxc8+ Bxc8 20. Qc2 Qb7 21. Bc1 Bd7 22. f3 Ng5 23. Bb5 Ne6 24. Be2 b5 25. a5 a6 26. Bd2 Nd8 27. h3 Nc6 28. b4 Ne7 29. Kf2 Qc6 30. Qxc6 Bxc6 31. g4 Bd7 32. Kg3 g5 33. Ng2 Kf7 34. Ne1 h6 35. Nd3 Kg6 36. Bd1 h5 37. Bc2 Kf7 38. Nc1 fxg4 39. hxg4 hxg4 40. fxg4 Ne4+ 41. Bxe4 dxe4 42. Ne2 Nd5 43. Nc3 Nxc3 44. Bxc3 Be6 45. d5 Bxd5 46. Bd4 Ke6 47. Bb6 Bc4 48. Bd8 Kf7 49. Bxg5 Kg6 50. Be7 d5 51. Kf4 Be2 52. g5 Kf7 53. Bf6 Ke6 54. Bd4 Bh5 55. Bc5 Bg6 56. Kg4 Bf7 57. Bb6 Bg6 58. Kf4 Bf7 59. Bc5 Bg6 60. Ba7 Be8 61. Bb8 Bf7 62. Bc7 Bh5 63. Bd8 Bg6 64. Bf6 Kd7 0-1

[Event "Titled Tuesday intern op 03rd May Early"]
[Site "Chess.com INT"]
[Date "2022.05.03"]
[Round "2"]
[White "Obolenskikh, Dmitry Aleksandrovi"]
[Black "Prestia, Paris"]
[Result "1-0"]
[WhiteElo "2531"]
[BlackElo "2059"]
[PlyCount "91"]
[EventDate "2022.05.03"]
[EventType "swiss (blitz)"]
[EventRounds "11"]
[EventCountry "USA"]
[SourceTitle "CBM 208 Extra"]
[Source "ChessBase"]
[SourceDate "2022.07.31"]
[SourceVersion "1"]
[SourceVersionDate "2022.07.31"]
[SourceQuality "1"]

1. Nf3 Nf6 2. c4 g6 3. Nc3 d6 4. e4 Bg7 5. d4 0-0 6. Be2 Na6 7. 0-0 e5 8. Re1 Bg4 9. d5 Nc5 10. Nd2 Bxe2 11. Qxe2 a5 12. Nb3 b6 13. Nxc5 bxc5 14. b3 Qd7 15. Bd2 Nh5 16. g3 f5 17. exf5 Rxf5 18. Ne4 Raf8 19. Bxa5 Nf6 20. Rf1 Nxe4 21. Qxe4 Rf3 22. Kg2 Qf7 23. Be1 h5 24. h4 Bh6 25. Qe2 Kh7 26. Rd1 Qf5 27. Bd2 Qc2 28. Qe1 Qxa2 29. Bxh6 Kxh6 30. Rb1 Rxb3 31. Rxb3 Qxb3 32. Qe4 Qb2 33. Qe3+ Kg7 34. Rd1 Qc2 35. Rd2 Qf5 36. Ra2 Qg4 37. Qe2 Qxe2 38. Rxe2 Kf6 39. Ra2 Ke7 40. f3 Rb8 41. Kf2 Rb4 42. Rc2 Rb3 43. Ra2 Rc3 44. Ra4 Kf6 45. Ke2 Rc2+ 46. Kf1 1-0

[Event "Titled Tuesday intern op 12th Apr Early"]
[Site "Chess.com INT"]
[Date "2022.04.12"]
[Round "5"]
[White "Obolenskikh, Dmitry Aleksandrovi"]
[Black "Harika, Dronavalli"]
[Result "1-0"]
[WhiteElo "2547"]
[BlackElo "2517"]
[PlyCount "97"]
[EventDate "2022.04.12"]
[EventType "swiss (blitz)"]
[EventRounds "11"]
[EventCountry "USA"]
[SourceTitle "CBM 207 Extra"]
[Source "ChessBase"]
[SourceDate "2022.05.31"]
[SourceVersion "1"]
[SourceVersionDate "2022.05.31"]
[SourceQuality "1"]

1. Nf3 Nf6 2. c4 g6 3. Nc3 Bg7 4. e4 0-0 5. d4 d6 6. Be2 c5 7. 0-0 cxd4 8. Nxd4 Nc6 9. Be3 Bd7 10. Nc2 Rc8 11. f3 a6 12. Qd2 Ne5 13. Na3 Re8 14. Rac1 h5 15. b3 Qa5 16. Rfd1 Qxa3 17. Nb1 Qxc1 18. Rxc1 h4 19. Nc3 h3 20. g4 b5 21. cxb5 axb5 22. Kf2 b4 23. Nd5 Nexg4+ 24. Kg3 Nxd5 25. fxg4 Nc3 26. Bf3 Bc6 27. Kxh3 Bxe4 28. Bxe4 Nxe4 29. Qxb4 Nf2+ 30. Kg3 Nd3 31. Rxc8 Rxc8 32. Qe4 Be5+ 33. Kg2 Rc2+ 34. Kf1 Rc3 35. Bd2 Rc2 36. Qxd3 Rxa2 37. h4 Rb2 38. h5 Kg7 39. Bc3 Ra2 40. Bxe5+ dxe5 41. Qd5 Ra1+ 42. Ke2 Ra2+ 43. Kd3 Kf6 44. h6 Rh2 45. g5+ Kf5 46. Qxf7+ Kxg5 47. h7 Rh3+ 48. Ke4 Kg4 49. Qe6+ 1-0

[Event "Titled Tuesday intern op 12th Apr Early"]
[Site "Chess.com INT"]
[Date "2022.04.12"]
[Round "2"]
[White "Obolenskikh, Dmitry Aleksandrovi"]
[Black "Ljukin, Sergei"]
[Result "1-0"]
[WhiteElo "2547"]
[BlackElo "2362"]
[PlyCount "69"]
[EventDate "2022.04.12"]
[EventType "swiss (blitz)"]
[EventRounds "11"]
[EventCountry "USA"]
[SourceTitle "CBM 207 Extra"]
[Source "ChessBase"]
[SourceDate "2022.05.31"]
[SourceVersion "1"]
[SourceVersionDate "2022.05.31"]
[SourceQuality "1"]

1. e4 e6 2. d4 d5 3. Nc3 Bb4 4. e5 Ne7 5. a3 Bxc3+ 6. bxc3 c5 7. Qg4 Qc7 8. Qxg7 Rg8 9. Qxh7 cxd4 10. Ne2 Nbc6 11. f4 Bd7 12. h4 dxc3 13. h5 0-0-0 14. Qd3 d4 15. h6 Rg6 16. Rb1 Rh8 17. h7 f6 18. exf6 Rxf6 19. Nxd4 Nxd4 20. Qxd4 e5 21. Qxa7 exf4 22. Qa8+ Qb8 23. Qxb8+ Kxb8 24. Rb4 Be6 25. Rxf4 Bf5 26. g4 Re6+ 27. Kf2 Bxc2 28. Rf7 Bg6 29. Rg7 Rf6+ 30. Kg3 Rf7 31. Rxf7 Bxf7 32. Bf4+ Kc8 33. Be5 c2 34. Bd3 Bg6 35. Bxg6 1-0

[Event "Cheliabinsk Variation-A"]
[Site "Cheliabinsk"]
[Date "2022.04.10"]
[Round "9"]
[White "Harutjunyan, Gevorg"]
[Black "Obolenskikh, Dmitry Aleksandrovi"]
[Result "0-1"]
[WhiteElo "2414"]
[BlackElo "2547"]
[PlyCount "60"]
[EventDate "2022.04.01"]
[EventType "swiss"]
[EventRounds "9"]
[EventCountry "RUS"]
[SourceTitle "CBM 207 Extra"]
[Source "ChessBase"]
[SourceDate "2022.05.31"]
[SourceVersion "1"]
[SourceVersionDate "2022.05.31"]
[SourceQuality "1"]

1. Nf3 d5 2. g3 Nf6 3. Bg2 c6 4. 0-0 Bg4 5. c4 e6 6. cxd5 Bxf3 7. Bxf3 cxd5 8. Nc3 Nc6 9. d3 Be7 10. Bg2 h5 11. Bf4 h4 12. e4 d4 13. Na4 e5 14. Bd2 hxg3 15. hxg3 Qd6 16. b4 Nd7 17. b5 Nd8 18. f4 exf4 19. gxf4 g5 20. Nb2 Qh6 21. Qg4 Nf6 22. Qf5 g4 23. Nc4 g3 24. Rf3 Qh2+ 25. Kf1 Rh5 26. Nd6+ Kf8 27. e5 Bxd6 28. Qxf6 Be7 29. Be1 Bxf6 30. Bxg3 Qh1+ 0-1

[Event "Titled Tuesday intern op 05th Apr Early"]
[Site "Chess.com INT"]
[Date "2022.04.05"]
[Round "3"]
[White "Devaev, Alexander"]
[Black "Obolenskikh, Dmitry Aleksandrovi"]
[Result "0-1"]
[WhiteElo "2325"]
[BlackElo "2547"]
[PlyCount "78"]
[EventDate "2022.04.05"]
[EventType "swiss (blitz)"]
[EventRounds "11"]
[EventCountry "USA"]
[SourceTitle "CBM 207 Extra"]
[Source "ChessBase"]
[SourceDate "2022.05.31"]
[SourceVersion "1"]
[SourceVersionDate "2022.05.31"]
[SourceQuality "1"]

1. d4 d5 2. c4 e6 3. cxd5 exd5 4. Nc3 c6 5. Nf3 Bf5 6. Bf4 Bd6 7. Bg3 Nf6 8. e3 0-0 9. Nh4 Be4 10. Bd3 Re8 11. 0-0 Bxg3 12. hxg3 Bxd3 13. Qxd3 Nbd7 14. b4 b5 15. a4 a6 16. a5 Re6 17. Rac1 Ne8 18. e4 dxe4 19. Nxe4 Nef6 20. Ng5 Rd6 21. Nf5 Rd5 22. Rxc6 Ne5 23. dxe5 Rxd3 24. exf6 h6 25. Ne4 Rd1 26. Ne7+ Kh7 27. Rc1 Rxf1+ 28. Rxf1 Qd4 29. Re1 gxf6 30. Nd5 Kg7 31. Nexf6 Rd8 32. Nh5+ Kf8 33. Ndf6 Qxb4 34. Nh7+ Kg8 35. N7f6+ Kh8 36. Re4 Qxe4 37. Nxe4 b4 38. Nc5 Rd5 39. Nb3 Rxh5 0-1

[Event "Titled Tuesday intern op 05th Apr Early"]
[Site "Chess.com INT"]
[Date "2022.04.05"]
[Round "8"]
[White "Obolenskikh, Dmitry Aleksandrovi"]
[Black "Andreikin, Dmitry"]
[Result "0-1"]
[WhiteElo "2547"]
[BlackElo "2729"]
[PlyCount "118"]
[EventDate "2022.04.05"]
[EventType "swiss (blitz)"]
[EventRounds "11"]
[EventCountry "USA"]
[SourceTitle "CBM 207 Extra"]
[Source "ChessBase"]
[SourceDate "2022.05.31"]
[SourceVersion "1"]
[SourceVersionDate "2022.05.31"]
[SourceQuality "1"]

1. e4 c5 2. Nf3 e6 3. d4 cxd4 4. Nxd4 Nc6 5. Nc3 a6 6. Nxc6 bxc6 7. Bd3 d5 8. 0-0 Nf6 9. Qf3 Bb7 10. Re1 Be7 11. Qg3 h5 12. h3 Kf8 13. Bg5 g6 14. Rad1 Nd7 15. Bxe7+ Qxe7 16. h4 Rc8 17. b3 Kg7 18. Bf1 Qf6 19. Na4 c5 20. exd5 exd5 21. Nc3 Nb6 22. Rd3 Rhe8 23. Rdd1 d4 24. Ne2 Nd5 25. a3 Re4 26. Nc1 Rxh4 27. Nd3 Nc3 28. Ra1 Re4 29. b4 Rxe1 30. Rxe1 Ne4 31. Qe5 Qxe5 32. Nxe5 cxb4 33. axb4 Nc3 34. Ra1 Nd5 35. Bxa6 Bxa6 36. Rxa6 Nxb4 37. Ra7 Kf6 38. f4 Rxc2 39. Rxf7+ Ke6 40. Rb7 d3 41. Rxb4 d2 42. Rd4 Rc1+ 43. Kf2 d1Q 44. Rxd1 Rxd1 45. Nxg6 Kf5 46. Nh4+ Kxf4 47. Nf3 Ra1 48. g3+ Kg4 49. Ne5+ Kh3 50. Ng6 Ra2+ 51. Kf3 Ra3+ 52. Kf2 Kg4 53. Ne5+ Kf5 54. Nf3 Rc3 55. Kg2 Ra3 56. Nh2 Kg5 57. Kh3 h4 58. Nf1 hxg3 59. Kg2 Kg4 0-1

[Event "Titled Tuesday intern op 05th Apr Early"]
[Site "Chess.com INT"]
[Date "2022.04.05"]
[Round "11"]
[White "Obolenskikh, Dmitry Aleksandrovi"]
[Black "Vokhidov, Shamsiddin"]
[Result "0-1"]
[WhiteElo "2547"]
[BlackElo "2536"]
[PlyCount "32"]
[EventDate "2022.04.05"]
[EventType "swiss (blitz)"]
[EventRounds "11"]
[EventCountry "USA"]
[SourceTitle "CBM 207 Extra"]
[Source "ChessBase"]
[SourceDate "2022.05.31"]
[SourceVersion "1"]
[SourceVersionDate "2022.05.31"]
[SourceQuality "1"]

1. e4 c5 2. Nf3 d6 3. d4 cxd4 4. Nxd4 Nf6 5. Nc3 Nc6 6. f3 e5 7. Nb3 Be7 8. Be3 0-0 9. Qd2 Be6 10. Nd5 a5 11. Bb6 Qc8 12. Nxe7+ Nxe7 13. Qxd6 Nc6 14. a4 Nb4 15. Bd3 Bxb3 16. cxb3 Ne8 0-1

[Event "Titled Tuesday intern op 05th Apr Early"]
[Site "Chess.com INT"]
[Date "2022.04.05"]
[Round "5"]
[White "Papp, Levente"]
[Black "Obolenskikh, Dmitry Aleksandrovi"]
[Result "0-1"]
[WhiteElo "2399"]
[BlackElo "2547"]
[PlyCount "58"]
[EventDate "2022.04.05"]
[EventType "swiss (blitz)"]
[EventRounds "11"]
[EventCountry "USA"]
[SourceTitle "CBM 207 Extra"]
[Source "ChessBase"]
[SourceDate "2022.05.31"]
[SourceVersion "1"]
[SourceVersionDate "2022.05.31"]
[SourceQuality "1"]

1. g3 d5 2. Nf3 Nf6 3. Bg2 c6 4. 0-0 Bg4 5. d3 Nbd7 6. h3 Bh5 7. c4 dxc4 8. dxc4 e5 9. Nc3 Bc5 10. Ng5 0-0 11. Nge4 Nxe4 12. Nxe4 Be7 13. Nc3 Qc7 14. g4 Bg6 15. Be4 Nc5 16. Bxg6 hxg6 17. Qc2 Ne6 18. Be3 b5 19. cxb5 cxb5 20. Qb3 a6 21. Nd5 Qb7 22. Rfd1 Rfd8 23. Rac1 Bf8 24. a4 Rac8 25. Rxc8 Rxc8 26. Nc3 b4 27. Nd5 Rd8 28. a5 Nd4 29. Bxd4 Qxd5 0-1

[Event "Titled Tuesday intern op 01st Mar Early"]
[Site "Chess.com INT"]
[Date "2022.03.01"]
[Round "8"]
[White "Obolenskikh, Dmitry Aleksandrovi"]
[Black "Gabdrakhmanov, Azat"]
[Result "1-0"]
[WhiteElo "2547"]
[BlackElo "2319"]
[PlyCount "77"]
[EventDate "2022.03.01"]
[EventType "swiss (blitz)"]
[EventRounds "11"]
[EventCountry "USA"]
[SourceTitle "CBM 207 Extra"]
[Source "ChessBase"]
[SourceDate "2022.05.31"]
[SourceVersion "1"]
[SourceVersionDate "2022.05.31"]
[SourceQuality "1"]

1. e4 c5 2. Nf3 e6 3. d4 cxd4 4. Nxd4 a6 5. c4 Qc7 6. Nc3 Nf6 7. a3 b6 8. Qd3 Bb7 9. f4 d6 10. Be2 Nbd7 11. b4 g6 12. Bb2 Bg7 13. 0-0 0-0 14. Rad1 Rad8 15. Nb3 Nxe4 16. Nxe4 Bxe4 17. Qxe4 Bxb2 18. a4 Bg7 19. Kh1 Nf6 20. Qd3 h5 21. Rc1 Qc6 22. a5 bxa5 23. Nxa5 Qb6 24. Qa3 h4 25. c5 dxc5 26. bxc5 Qc7 27. c6 h3 28. g3 Ne4 29. Nb7 Rd2 30. Qe3 f5 31. Bf3 Bd4 32. Qb3 Nf2+ 33. Rxf2 Rxf2 34. Qxe6+ Kg7 35. Bd5 Ba7 36. Nd6 Rd8 37. Ne8+ Kh6 38. Nxc7 Ra8 39. Nxa8 1-0

[Event "Titled Tuesday intern op 22nd Feb Early"]
[Site "Chess.com INT"]
[Date "2022.02.22"]
[Round "8"]
[White "Obolenskikh, Dmitry Aleksandrovi"]
[Black "Pajeken, Jakob Leon"]
[Result "1/2-1/2"]
[WhiteElo "2547"]
[BlackElo "2370"]
[PlyCount "82"]
[EventDate "2022.02.22"]
[EventType "swiss (blitz)"]
[EventRounds "11"]
[EventCountry "USA"]
[SourceTitle "CBM 207 Extra"]
[Source "ChessBase"]
[SourceDate "2022.05.31"]
[SourceVersion "1"]
[SourceVersionDate "2022.05.31"]
[SourceQuality "1"]

1. Nf3 d5 2. e3 Nf6 3. c4 e6 4. b3 Bd6 5. Bb2 0-0 6. cxd5 exd5 7. d4 c6 8. Bd3 Ne4 9. 0-0 Bf5 10. Ba3 Bxa3 11. Nxa3 Qf6 12. Ne5 Nd7 13. Nxd7 Bxd7 14. Bxe4 dxe4 15. Nc4 Be6 16. Qc2 Bd5 17. b4 Qg5 18. Nd6 Qe7 19. Nf5 Qe6 20. Ng3 f5 21. Ne2 g5 22. Nc3 f4 23. Nxd5 cxd5 24. Rfc1 f3 25. Qc7 fxg2 26. Qxb7 Rab8 27. Qxa7 Rxb4 28. Rc2 Rfb8 29. Qc7 Rb1+ 30. Rxb1 Rxb1+ 31. Rc1 Rxc1+ 32. Qxc1 Qa6 33. Qb1 Qe2 34. Qb8+ Kf7 35. Qc7+ Kg6 36. Qd6+ Kh5 37. Kxg2 Qf3+ 38. Kg1 Qd1+ 39. Kg2 Qf3+ 40. Kg1 Qd1+ 41. Kg2 Qf3+ 1/2-1/2

[Event "Titled Tuesday intern op 22nd Feb Early"]
[Site "Chess.com INT"]
[Date "2022.02.22"]
[Round "5"]
[White "Poormosavi, Seyed Kian"]
[Black "Obolenskikh, Dmitry Aleksandrovi"]
[Result "0-1"]
[WhiteElo "2229"]
[BlackElo "2547"]
[PlyCount "42"]
[EventDate "2022.02.22"]
[EventType "swiss (blitz)"]
[EventRounds "11"]
[EventCountry "USA"]
[SourceTitle "CBM 207 Extra"]
[Source "ChessBase"]
[SourceDate "2022.05.31"]
[SourceVersion "1"]
[SourceVersionDate "2022.05.31"]
[SourceQuality "1"]

1. e4 e5 2. Nf3 Nc6 3. c3 Nf6 4. d4 exd4 5. e5 Nd5 6. cxd4 d6 7. Nc3 dxe5 8. dxe5 Bb4 9. Bd2 Bg4 10. Bb5 0-0 11. 0-0 Nxe5 12. Nxd5 Bxd2 13. Qxd2 Bxf3 14. Rfe1 f6 15. Rxe5 fxe5 16. Bc4 Bxd5 17. Qxd5+ Kh8 18. Qxb7 Rb8 19. Qxa7 Rxb2 20. Rf1 Qd4 21. Qa3 Rbxf2 0-1

[Event "Titled Tuesday intern op 25th Jan"]
[Site "Chess.com INT"]
[Date "2022.01.25"]
[Round "1"]
[White "Obolenskikh, Dmitry Aleksandrovi"]
[Black "Dolzhikova, Kateryna"]
[Result "1-0"]
[WhiteElo "2543"]
[BlackElo "2199"]
[PlyCount "91"]
[EventDate "2022.01.25"]
[EventType "swiss (blitz)"]
[EventRounds "11"]
[EventCountry "USA"]
[SourceTitle "CBM 206 Extra"]
[Source "ChessBase"]
[SourceDate "2022.03.31"]
[SourceVersion "1"]
[SourceVersionDate "2022.03.31"]
[SourceQuality "1"]

1. Nf3 Nf6 2. c4 e6 3. Nc3 d5 4. e3 Be7 5. b3 0-0 6. Bb2 c5 7. cxd5 exd5 8. d4 Nc6 9. Be2 Bf5 10. 0-0 Rc8 11. Rc1 h6 12. dxc5 Bxc5 13. Nxd5 Qxd5 14. Qxd5 Nxd5 15. Rxc5 Ncb4 16. Rxc8 Rxc8 17. Nd4 Bg6 18. a3 Nd3 19. Bxd3 Bxd3 20. Rc1 Rxc1+ 21. Bxc1 Nc3 22. f3 Ne2+ 23. Nxe2 Bxe2 24. Kf2 Bd1 25. b4 g6 26. e4 h5 27. h4 Ba4 28. Ke3 Kf8 29. Kf4 Ke7 30. Be3 a6 31. Bd4 f6 32. g4 Bd7 33. g5 fxg5+ 34. hxg5 h4 35. Ke5 h3 36. Bg1 Kf7 37. f4 Bc6 38. f5 Bb5 39. f6 Bc6 40. Bh2 b5 41. Bg3 Ba8 42. Bf4 Bb7 43. Bh2 Ba8 44. Kd4 Ke6 45. e5 Bd5 46. f7 1-0

[Event "Titled Tuesday intern op 18th Jan"]
[Site "Chess.com INT"]
[Date "2022.01.18"]
[Round "4"]
[White "Deac, Bogdan Daniel"]
[Black "Obolenskikh, Dmitry Aleksandrovi"]
[Result "1-0"]
[WhiteElo "2679"]
[BlackElo "2543"]
[PlyCount "35"]
[EventDate "2022.01.18"]
[EventType "swiss (blitz)"]
[EventRounds "11"]
[EventCountry "USA"]
[SourceTitle "CBM 206 Extra"]
[Source "ChessBase"]
[SourceDate "2022.03.31"]
[SourceVersion "1"]
[SourceVersionDate "2022.03.31"]
[SourceQuality "1"]

1. e4 e5 2. Nf3 Nc6 3. d4 exd4 4. Nxd4 Bc5 5. Nb3 Bb6 6. Nc3 Nf6 7. Qe2 Nd4 8. Nxd4 Bxd4 9. e5 Bxc3+ 10. bxc3 Nd5 11. Qg4 Kf8 12. Qd4 Ne7 13. Ba3 Kg8 14. 0-0-0 Qe8 15. Bc4 Nc6 16. Qf4 Nxe5 17. Rhe1 d6 18. Rxe5 1-0